[Event "45th World U20 ch"]
[Site "Yerevan ARM"]
[Date "2006.10.07"]
[Round "5.9"]
[White "Warakomski, Tomasz"]
[Black "Baramidze, David"]
[Result "1-0"]
[WhiteElo "2446"]
[BlackElo "2585"]
[EventDate "2006.10.02"]
[PlyCount "123"]

1.e4 c5 2.Nf3 d6 3.d4 cxd4 4.Nxd4 Nf6 5.Nc3 Bd7 6.Bg5 e6 7.Ndb5 Bxb5 8.
Bxb5+ Nc6 9.Qd2 a6 10.Be2 b5 11.O-O h6 12.Bxf6 Qxf6 13.a4 b4 14.Nb5 axb5 
15.axb5 Rxa1 16.Rxa1 Qd4 17.Ra8+ Ke7 18.Qd3 Qxd3 19.Bxd3 Nd8 20.b6 g5 21.
b7 Nxb7 22.Ra7 Kf6 23.Rxb7 d5 24.exd5 exd5 25.Rb8 Kg7 26.Rd8 Be7 27.Rxd5 
Bf6 28.Rb5 Bxb2 29.Rxb4 Be5 30.g3 Rb8 31.Ra4 Rb7 32.Kg2 Bd6 33.Rd4 Be5 34.
Ra4 Bd6 35.Rd4 Be5 36.Re4 Bd6 37.h4 Rb4 38.hxg5 hxg5 39.Re8 f6 40.Rd8 Be5 
41.Rd7+ Kf8 42.Kf3 Ke8 43.Ra7 Kd8 44.Rh7 Ra4 45.Ke3 Bd4+ 46.Kf3 Ra7 47.
Rh8+ Kc7 48.Re8 Kd6 49.Re4 Kc5 50.Re2 Ra4 51.Be4 Kd6 52.Bg6 Rb4 53.Bf7 Kc5
54.Bb3 Be5 55.Re1 Bd4 56.Be6 Kd6 57.Bf5 Kc5 58.Kg2 Be5 59.Kh3 Kd6 60.Bg4 
Rc4 61.Rd1+ Rd4 62.f4 1-0

[Event "45th World U20 ch"]
[Site "Yerevan ARM"]
[Date "2006.10.07"]
[Round "5.10"]
[White "Brandenburg, Daan"]
[Black "Grachev, Boris"]
[Result "1/2-1/2"]
[WhiteElo "2421"]
[BlackElo "2583"]
[EventDate "2006.10.02"]
[PlyCount "106"]

1.e4 c5 2.c3 d6 3.d4 Nf6 4.Bd3 Nc6 5.Nf3 Bg4 6.d5 Bxf3 7.Qxf3 Ne5 8.Bb5+ 
Ned7 9.Qe2 g6 10.a4 Bg7 11.O-O O-O 12.a5 a6 13.Bc4 Qc7 14.Nd2 Rae8 15.f4 
e6 16.dxe6 fxe6 17.Bb3 Kh8 18.Nf3 c4 19.Bxc4 d5 20.Bd3 dxe4 21.Bxe4 e5 22.
f5 Nxe4 23.Qxe4 gxf5 24.Qh4 f4 25.Ng5 Nf6 26.Qh3 Qc5+ 27.Kh1 Qd5 28.b3 h6 
29.Ba3 e4 30.Bxf8 Bxf8 31.Nxe4 Qxe4 32.Ra4 Qe5 33.Qf3 Ne4 34.Qxf4 Qxf4 35.
Rxf4 Nc5 36.Ra1 Nxb3 37.Raf1 Bg7 38.Rf5 Nd2 39.Rd1 Re7 40.h4 Bxc3 41.Rd5 
Ne4 42.Rd7 Re8 43.Rb1 Nc5 44.Rc7 Bd4 45.Rd1 Bf2 46.g4 Ne6 47.Rxb7 Bxh4 48.
Rdd7 Bg5 49.Kg2 Rc8 50.Ra7 Be3 51.Rab7 Bg5 52.Ra7 Be3 53.Rab7 Bg5 1/2-1/2

[Event "45th World U20 ch"]
[Site "Yerevan ARM"]
[Date "2006.10.07"]
[Round "5.12"]
[White "Zhou Jianchao"]
[Black "Kim, Alexey"]
[Result "1/2-1/2"]
[WhiteElo "2522"]
[BlackElo "2428"]
[EventDate "2006.10.02"]
[PlyCount "60"]

1.d4 d5 2.c4 c6 3.Nf3 Nf6 4.Nc3 e6 5.Bg5 Nbd7 6.cxd5 exd5 7.Qc2 Be7 8.e3 
Nh5 9.Bxe7 Qxe7 10.O-O-O Nb6 11.h3 Be6 12.Bd3 O-O-O 13.Kb1 Kb8 14.Nd2 Nf6 
15.Nb3 Ne8 16.Nc5 Nd6 17.Ka1 Qf6 18.f3 Rhe8 19.Rhe1 h5 20.Qf2 Bf5 21.Bf1 
h4 22.Re2 Bg6 23.Ree1 Re7 24.Nd3 Bxd3 25.Bxd3 Rde8 26.Qg1 Nf5 27.Bxf5 Qxf5
28.e4 Qf4 29.Ne2 Qh6 30.Nc3 Qf4 1/2-1/2

[Event "45th World U20 ch"]
[Site "Yerevan ARM"]
[Date "2006.10.07"]
[Round "5.13"]
[White "Babuian, Levon"]
[Black "Li Chao"]
[Result "1/2-1/2"]
[WhiteElo "2394"]
[BlackElo "2508"]
[EventDate "2006.10.02"]
[PlyCount "160"]

1.e4 e5 2.Nf3 Nc6 3.Bb5 a6 4.Bxc6 dxc6 5.O-O Bg4 6.h3 h5 7.d3 Qf6 8.Be3 
Bxf3 9.Qxf3 Qxf3 10.gxf3 Bd6 11.Nd2 Ne7 12.Rfb1 c5 13.Nc4 Nc6 14.Kf1 f6 
15.a3 Nd4 16.Bxd4 cxd4 17.Nxd6+ cxd6 18.c4 Kd7 19.Ke2 g5 20.a4 b6 21.b4 
Rab8 22.Rb2 Rb7 23.Kd2 Rhb8 24.Kc2 Ke6 25.Kd2 f5 26.Rg1 Rg7 27.Rbb1 Kf6 
28.Ke2 Rc7 29.Kd2 Rg7 30.Rg2 h4 31.Rgg1 Rgb7 32.Rbe1 Rf7 33.Rg2 Rbf8 34.
Reg1 Rg7 35.Ra1 Rb8 36.Rgg1 Rgb7 37.exf5 Kxf5 38.Rg4 Rg7 39.Rag1 Kf6 40.f4
exf4 41.Re1 d5 42.cxd5 Rd7 43.Re6+ Kf5 44.Rh6 Rxd5 45.Rh5 Rg8 46.Rgxh4 
Rgd8 47.Rg4 Kg6 48.Rhh4 a5 49.b5 Rc5 50.Rg1 Rdc8 51.Ke2 Re8+ 52.Kd2 Rec8 
53.Ke2 Rc2+ 54.Kf3 R2c3 55.Ke4 Ra3 56.Rhg4 Rc5 57.h4 Rxa4 58.Rxg5+ Rxg5 
59.Rxg5+ Kh6 60.Rd5 Rb4 61.Rd6+ Kh5 62.Rxb6 Kxh4 63.Kxf4 Kh5 64.Ke4 Kg4 
65.Rg6+ Kh4 66.Rb6 Kg4 67.Rb8 a4 68.Rg8+ Kh5 69.Ra8 Kg4 70.b6 Rxb6 71.Rxa4
Rf6 72.Ra8 Rf4+ 73.Ke5 Kf3 74.Rh8 Rg4 75.Rd8 Kxf2 76.Rxd4 Rg5+ 77.Kf4 Rg8 
78.Rd7 Re8 79.d4 Ke2 80.d5 Kd3 1/2-1/2

[Event "45th World U20 ch"]
[Site "Yerevan ARM"]
[Date "2006.10.07"]
[Round "5.17"]
[White "Nechepurenko, Roman"]
[Black "Gomez, John Paul"]
[Result "1-0"]
[WhiteElo "2479"]
[BlackElo "2387"]
[EventDate "2006.10.02"]
[PlyCount "165"]

1.g3 c5 2.Bg2 Nc6 3.Nf3 g6 4.d4 cxd4 5.Nxd4 Bg7 6.Nxc6 bxc6 7.O-O Nf6 8.c4
O-O 9.Nc3 Bb7 10.Qb3 Qb6 11.Be3 Qxb3 12.axb3 a6 13.Rfd1 d6 14.b4 Ng4 15.
Bd4 Ne5 16.b3 Rab8 17.Ra3 Rfd8 18.h3 Ba8 19.Rxa6 Rxb4 20.Rda1 Rbb8 21.Kf1 
Nxc4 22.Bxg7 Nd2+ 23.Ke1 Nxb3 24.Bh6 Nxa1 25.Rxa1 Rb3 26.Kd2 d5 27.Kc2 Rb7
28.Ra5 e6 29.h4 Rc8 30.Be3 e5 31.Bc5 d4 32.Na4 Rb5 33.Ra7 Bb7 34.e3 dxe3 
35.Bxe3 Ra8 36.Rxa8+ Bxa8 37.Nc5 Kf8 38.Bf1 Ra5 39.Bc4 f6 40.Bd2 Ra7 41.
Bb4 Ke8 42.Kb2 f5 43.Bc3 Re7 44.Kc2 Bb7 45.Nxb7 Rxb7 46.Bxe5 Kf8 47.Bd4 
Rb8 48.Be5 Ra8 49.Kb3 Rd8 50.Bf4 Kg7 51.Kb4 Rd1 52.Kc5 h5 53.Kxc6 Kh7 54.
Bd5 Rf1 55.Be3 Rd1 56.Kd6 Rd3 57.Ke5 Kg7 58.Bg2 Ra3 59.Kf4 Ra4+ 60.Ke5 
Ra5+ 61.Bd5 Ra6 62.Bf3 Ra4 63.Ke6 Ra6+ 64.Ke7 Ra4 65.Bc6 Rc4 66.Bd5 Ra4 
67.Bf4 Ra7+ 68.Kd6 Ra6+ 69.Bc6 Kh7 70.Be5 Ra2 71.f4 Ra6 72.Kd7 Ra3 73.Ke7 
Rxg3 74.Bd5 Rd3 75.Bc4 Ra3 76.Kf6 Ra4 77.Bf7 Kh6 78.Bd5 Ra6+ 79.Kf7 Ra5 
80.Kg8 Ra7 81.Bf6 g5 82.hxg5+ Kg6 83.Bc6 1-0

[Event "45th World U20 ch"]
[Site "Yerevan ARM"]
[Date "2006.10.07"]
[Round "5.18"]
[White "Howell, David"]
[Black "Gorovets, Andrei"]
[Result "1-0"]
[WhiteElo "2471"]
[BlackElo "2368"]
[EventDate "2006.10.02"]
[PlyCount "73"]

1.e4 Nf6 2.e5 Nd5 3.d4 d6 4.c4 Nb6 5.f4 dxe5 6.fxe5 Nc6 7.Be3 Bf5 8.Nc3 e6
9.Nf3 Qd7 10.Be2 O-O-O 11.O-O Bg4 12.c5 Nd5 13.Nxd5 Qxd5 14.Kh1 f6 15.Qc2 
Bf5 16.Qc3 fxe5 17.Bc4 Qe4 18.dxe5 Be7 19.Rae1 Qg4 20.b4 Be4 21.b5 Nb8 22.
h3 Qg6 23.Bg1 Bd3 24.Nd4 Rxd4 25.Bxd4 Bxf1 26.Rxf1 Nd7 27.b6 axb6 28.cxb6 
c6 29.a4 Rf8 30.Rd1 Rd8 31.Rc1 Qh6 32.Be3 Qg6 33.a5 Bc5 34.a6 Bxb6 35.Qb3 
Kc7 36.Bxb6+ Nxb6 37.Rb1 1-0

[Event "45th World U20 ch"]
[Site "Yerevan ARM"]
[Date "2006.10.07"]
[Round "5.24"]
[White "Kozlov, Roman"]
[Black "Zarkua, Davit"]
[Result "1-0"]
[WhiteElo "2337"]
[BlackElo "2411"]
[EventDate "2006.10.02"]
[PlyCount "83"]

1.d4 c5 2.d5 Nf6 3.c4 b5 4.cxb5 a6 5.bxa6 Bxa6 6.Nc3 d6 7.g3 g6 8.Bg2 Bg7 
9.Nf3 O-O 10.O-O Nbd7 11.Rb1 Qc7 12.b3 Rfb8 13.Re1 Ng4 14.Qc2 Ra7 15.h3 
Nge5 16.Nh2 Nf6 17.f4 Ned7 18.Nf3 Rab7 19.e4 Ne8 20.a3 Rb6 21.Na4 R6b7 22.
Bd2 Nf8 23.e5 Bb5 24.Nc3 Bd7 25.g4 Ra7 26.a4 Qc8 27.Ng5 Nc7 28.exd6 exd6 
29.Nce4 Ne8 30.Bc3 f6 31.Nf3 c4 32.b4 Bxa4 33.Qf2 Rab7 34.Nd4 f5 35.gxf5 
gxf5 36.Ng3 Rf7 37.Nh5 Bh8 38.Qg3+ Ng6 39.Re6 Bd7 40.Rxg6+ hxg6 41.Qxg6+ 
Ng7 42.Nf3 1-0

[Event "45th World U20 ch"]
[Site "Yerevan ARM"]
[Date "2006.10.07"]
[Round "5.25"]
[White "Grigoryan, Avetik"]
[Black "Hovhannisian, Robert"]
[Result "1-0"]
[WhiteElo "2404"]
[BlackElo "2264"]
[EventDate "2006.10.02"]
[PlyCount "53"]

1.d4 d5 2.Nf3 Nf6 3.c4 c6 4.e3 e6 5.Bd3 Nbd7 6.O-O Ne4 7.Nc3 f5 8.Ne2 Bd6 
9.c5 Bc7 10.b4 a6 11.Bb2 Qf6 12.a4 O-O 13.Ra2 g5 14.Qa1 g4 15.Ne5 Qg5 16.
Nf4 Rf6 17.f3 gxf3 18.Rxf3 Kf8 19.Bxe4 dxe4 20.Rg3 Qh6 21.Rh3 Qg7 22.Nh5 
Qg5 23.Nxd7+ Bxd7 24.Nxf6 Qxf6 25.d5 Qg6 26.d6 Bd8 27.Rg3 1-0

[Event "45th World U20 ch"]
[Site "Yerevan ARM"]
[Date "2006.10.07"]
[Round "5.29"]
[White "Alavi Moghaddam, Sayed Javad"]
[Black "Rej, Tomek"]
[Result "1-0"]
[WhiteElo "2368"]
[BlackElo "2257"]
[EventDate "2006.10.02"]
[PlyCount "85"]

1.e4 e5 2.Bc4 Nc6 3.Nf3 Bc5 4.c3 Nf6 5.d3 d6 6.Nbd2 O-O 7.O-O Bg4 8.Re1 d5
9.exd5 Nxd5 10.Ne4 Be7 11.h3 Bxf3 12.Qxf3 Nb6 13.Bb3 a5 14.a4 Nc8 15.Ng3 
Bg5 16.Bxg5 Qxg5 17.d4 Nd6 18.h4 Qf6 19.dxe5 Nxe5 20.Qxf6 gxf6 21.Nh5 Ng6 
22.Nxf6+ Kg7 23.Ne4 Ra6 24.Nxd6 Rxd6 25.g3 Rb6 26.Bc4 Kf6 27.Re2 Ne5 28.
Ba2 Rd8 29.Rc1 Rbd6 30.Bb3 Nd3 31.Rd1 Nc5 32.Rxd6+ Rxd6 33.Bc2 Rb6 34.Bd1 
Rd6 35.Bc2 Rb6 36.Bxh7 Nxa4 37.h5 Nxb2 38.Bc2 Nc4 39.Re4 Ne5 40.h6 Ng6 41.
Re8 Rb2 42.Be4 Re2 43.Kf1 1-0

[Event "45th World U20 ch"]
[Site "Yerevan ARM"]
[Date "2006.10.07"]
[Round "5.30"]
[White "Hungaski, Robert"]
[Black "Kjartansson, Gudmundur"]
[Result "1/2-1/2"]
[WhiteElo "2366"]
[BlackElo "2246"]
[EventDate "2006.10.02"]
[PlyCount "122"]

1.e4 e5 2.Nf3 Nc6 3.d4 exd4 4.Nxd4 Bc5 5.Nxc6 Qf6 6.Qd2 dxc6 7.Nc3 Ne7 8.
Bd3 Ng6 9.O-O Ne5 10.Na4 Nxd3 11.Qxd3 Be7 12.Be3 O-O 13.Bd4 Qh6 14.Rae1 
Rd8 15.Qc3 b6 16.Re3 Bf8 17.Be5 Ba6 18.Rfe1 Bb5 19.Qb3 Qe6 20.Bxc7 Rd2 21.
Bf4 Qxb3 22.cxb3 Bxa4 23.bxa4 Rxb2 24.R3e2 Rb4 25.a5 Ra4 26.Rc2 c5 27.axb6
axb6 28.Rb2 R8a6 29.Bc7 c4 30.Rxb6 Rxb6 31.Bxb6 c3 32.Be3 Rxa2 33.Kf1 Ba3 
34.Bc1 Bb2 35.Be3 c2 36.Bd2 h6 37.g3 Kh7 38.Kg2 Ra3 39.Kf1 Ra4 40.Kg2 Kg6 
41.Kf3 f5 42.exf5+ Kxf5 43.h3 Ra3+ 44.Ke2 Ke4 45.h4 Rd3 46.Bc1 Bxc1 47.
Rxc1 Rc3 48.Kd2 Rc7 49.Ke2 g6 50.h5 g5 51.f3+ Kd4 52.Kd2 Rc3 53.Rxc2 Rxf3 
54.Rc6 Rxg3 55.Rxh6 Rg2+ 56.Ke1 Ke4 57.Rf6 Rh2 58.h6 Ke5 59.Ra6 g4 60.Kf1 
g3 61.h7 Rxh7 1/2-1/2

[Event "45th World U20 ch"]
[Site "Yerevan ARM"]
[Date "2006.10.08"]
[Round "6.4"]
[White "Khairullin, Ildar"]
[Black "Frolyanov, Dmitry"]
[Result "1/2-1/2"]
[WhiteElo "2543"]
[BlackElo "2498"]
[EventDate "2006.10.02"]
[PlyCount "62"]

1.e4 e5 2.Nf3 Nf6 3.Nxe5 d6 4.Nf3 Nxe4 5.d4 d5 6.Bd3 Bd6 7.O-O O-O 8.c4 c6
9.Qc2 Na6 10.a3 f5 11.Nc3 Nc7 12.b4 Kh8 13.c5 Be7 14.Ne2 Ne6 15.Ne5 Bf6 
16.Bb2 Qc7 17.f3 N4g5 18.h4 Nf7 19.f4 Nh6 20.g3 Bd7 21.Kg2 Rae8 22.Rfe1 
Re7 23.Ng1 Bxe5 24.dxe5 b6 25.Nf3 bxc5 26.bxc5 Qa5 27.Bd4 Bc8 28.Qc3 Rb7 
29.Bc2 Bd7 30.Rab1 Rfb8 31.Rxb7 Rxb7 1/2-1/2

[Event "45th World U20 ch"]
[Site "Yerevan ARM"]
[Date "2006.10.08"]
[Round "6.6"]
[White "Pashikian, Arman"]
[Black "Nechepurenko, Roman"]
[Result "1-0"]
[WhiteElo "2527"]
[BlackElo "2479"]
[EventDate "2006.10.02"]
[PlyCount "71"]

1.d4 Nf6 2.c4 g6 3.Nc3 d5 4.Bg5 Ne4 5.Bh4 Nxc3 6.bxc3 dxc4 7.e3 Be6 8.Qb1 
b6 9.Nh3 Bh6 10.Bg5 Bg7 11.Nf4 Bf5 12.e4 h6 13.Bh4 Qd6 14.Bg3 e5 15.exf5 
exf4 16.Qe4+ Qe7 17.Qxe7+ Kxe7 18.Bxf4 g5 19.Bxc7 Nc6 20.O-O-O b5 21.Be2 
Rac8 22.Bg3 Kf6 23.Bh5 Rhd8 24.Rhe1 Re8 25.Re3 Bf8 26.h4 a5 27.hxg5+ hxg5 
28.Rde1 Rxe3 29.fxe3 b4 30.Bf3 Kxf5 31.e4+ Kg6 32.d5 Nd8 33.Bg4 Ra8 34.Rf1
f6 35.e5 fxe5 36.Rxf8 1-0

[Event "45th World U20 ch"]
[Site "Yerevan ARM"]
[Date "2006.10.08"]
[Round "6.8"]
[White "Romanov, Evgeny"]
[Black "Howell, David"]
[Result "1-0"]
[WhiteElo "2500"]
[BlackElo "2471"]
[EventDate "2006.10.02"]
[PlyCount "107"]

1.e4 e5 2.Nf3 Nc6 3.Bb5 a6 4.Ba4 Nf6 5.O-O Be7 6.d3 d6 7.c3 O-O 8.Nbd2 b5 
9.Bc2 Nd7 10.Re1 Nb6 11.Nf1 f5 12.exf5 Bxf5 13.d4 Bxc2 14.Qxc2 Bf6 15.Be3 
exd4 16.Bxd4 Nxd4 17.cxd4 Qd7 18.Rac1 c5 19.dxc5 dxc5 20.Ng3 Qf7 21.Ne4 c4
22.Nd6 Qg6 23.Re6 Qxc2 24.Rxc2 Na4 25.b4 Bc3 26.a3 Rad8 27.h4 Rf6 28.Rxf6 
gxf6 29.Ne4 Bb2 30.g4 Kf7 31.g5 fxg5 32.Nfxg5+ Kg6 33.Nc5 Rd1+ 34.Kg2 Nxc5
35.Rxb2 Nd3 36.Ra2 c3 37.Kf3 Nb2 38.Ne6 Kf5 39.Nf4 Re1 40.Ne2 Na4 41.Ke3 
Kg4 42.Rc2 Ra1 43.Ke4 Rxa3 44.Nf4 Kxh4 45.f3 Kg5 46.Ke5 Ra1 47.Rg2+ Kh6 
48.Kf6 Rh1 49.Nd5 Rh3 50.f4 Kh5 51.Kf5 Rh1 52.Rg4 Rd1 53.Nf6+ Kh6 54.Rg5 
1-0

[Event "45th World U20 ch"]
[Site "Yerevan ARM"]
[Date "2006.10.08"]
[Round "6.9"]
[White "Grachev, Boris"]
[Black "Warakomski, Tomasz"]
[Result "1-0"]
[WhiteElo "2583"]
[BlackElo "2446"]
[EventDate "2006.10.02"]
[PlyCount "77"]

1.d4 g6 2.c4 Bg7 3.Nf3 c5 4.d5 f5 5.g3 Nf6 6.Nc3 d6 7.Bg2 O-O 8.O-O Na6 9.
a3 h6 10.Qc2 Qe8 11.Nh4 Ng4 12.f4 Bd4+ 13.Kh1 Nf2+ 14.Rxf2 Bxf2 15.e3 Be1 
16.b3 Bxc3 17.Qxc3 Qf7 18.Bb2 Kh7 19.e4 e6 20.g4 fxg4 21.dxe6 Bxe6 22.f5 
gxf5 23.exf5 Bd7 24.Qd3 Nc7 25.f6+ Kg8 26.Nf5 Bxf5 27.Qxf5 Rae8 28.Qxg4+ 
Kh7 29.Be4+ Rxe4 30.Qxe4+ Qg6 31.Qxb7 Rf7 32.Rg1 Qc2 33.Qf3 Ne6 34.h4 Nf8 
35.Qd5 Kh8 36.Rg2 Qb1+ 37.Kh2 Qe1 38.Qh5 Kh7 39.Re2 1-0

[Event "45th World U20 ch"]
[Site "Yerevan ARM"]
[Date "2006.10.08"]
[Round "6.11"]
[White "Sengupta, Deep"]
[Black "Zhou Jianchao"]
[Result "0-1"]
[WhiteElo "2420"]
[BlackElo "2522"]
[EventDate "2006.10.02"]
[PlyCount "126"]

1.e4 c5 2.Nf3 d6 3.d4 cxd4 4.Nxd4 Nf6 5.Nc3 a6 6.Be2 e5 7.Nb3 Be7 8.Bg5 
Be6 9.Bxf6 Bxf6 10.Qd3 Bg5 11.h4 Bxh4 12.Rd1 Bg5 13.Qxd6 Qxd6 14.Rxd6 Nd7 
15.Rd1 Rc8 16.O-O O-O 17.g3 Bd8 18.Kg2 Nc5 19.f4 exf4 20.gxf4 Re8 21.e5 
Nxb3 22.cxb3 g6 23.Bf3 Rc7 24.Rf2 Be7 25.Ne4 Kg7 26.Kg3 Rec8 27.Bg4 Bxg4 
28.Kxg4 Rd8 29.Rxd8 Bxd8 30.Rd2 h5+ 31.Kh3 Be7 32.a3 Kf8 33.Nc3 Ke8 34.Kg3
Rc6 35.Kf3 Bxa3 36.Nd5 Be7 37.Re2 Kd7 38.Rd2 Ke6 39.f5+ gxf5 40.Nf4+ Kxe5 
41.Rd5+ Kf6 42.Nxh5+ Kg5 43.Ng3 Rb6 44.Nxf5 Rxb3+ 45.Ke4 Kf6 46.Nxe7 Rb4+ 
47.Kf3 Kxe7 48.Rd2 Ke6 49.Ke3 Ke5 50.Kf3 Rb3+ 51.Kf2 f5 52.Ke2 Kf4 53.Kf2 
Kg4 54.Kg2 f4 55.Rc2 Rg3+ 56.Kf2 Rh3 57.Kg1 Rh5 58.Rc7 Rb5 59.Rc2 Kg3 60.
Rc3+ f3 61.b3 Ra5 62.Rc1 Ra2 63.Rb1 Rg2+ 0-1

[Event "45th World U20 ch"]
[Site "Yerevan ARM"]
[Date "2006.10.08"]
[Round "6.15"]
[White "Amin, Bassem"]
[Black "Grigoryan, Avetik"]
[Result "1-0"]
[WhiteElo "2504"]
[BlackElo "2404"]
[EventDate "2006.10.02"]
[PlyCount "129"]

1.Nf3 c5 2.e4 d6 3.d3 Nc6 4.g3 g6 5.Bg2 Bg7 6.O-O e5 7.c3 Nge7 8.a3 O-O 9.
b4 h6 10.Nbd2 Be6 11.Nb3 c4 12.dxc4 Bxc4 13.Re1 Qc7 14.a4 Rfd8 15.Nfd2 Be6
16.Ba3 b6 17.Rc1 Rac8 18.c4 a5 19.b5 Nb4 20.Nf1 Na2 21.Rc2 Nb4 22.Bxb4 
axb4 23.Qd2 d5 24.exd5 Bxd5 25.Qxb4 Bxg2 26.Kxg2 Nd5 27.Qa3 Bf8 28.c5 bxc5
29.Rc4 Nb6 30.Nbd2 h5 31.Rc2 c4 32.Qf3 Bb4 33.Rb1 Qe7 34.Ne4 f5 35.Nf6+ 
Kf7 36.Nxh5 Nd5 37.Ne3 Nxe3+ 38.fxe3 Bd2 39.b6 Qe6 40.b7 Rb8 41.g4 gxh5 
42.gxf5 Qd5 43.e4 Rg8+ 44.Kh3 Qd4 45.Rb5 c3 46.a5 Rg4 47.Rb1 Qc4 48.Rb6 
Qxe4 49.Qxe4 Rxe4 50.a6 Ra4 51.Rc6 e4 52.Rc7+ Kf6 53.Rc8 Bf4 54.Rc6+ Kxf5 
55.R2xc3 e3 56.R3c5+ Ke4 57.Rc4+ Rxc4 58.Rxc4+ Kd3 59.Rxf4 e2 60.a7 Re8 
61.b8=Q Re3+ 62.Kg2 e1=Q 63.Qb3+ Kd2 64.Rd4+ Kc1 65.Rc4+ 1-0

[Event "45th World U20 ch"]
[Site "Yerevan ARM"]
[Date "2006.10.08"]
[Round "6.16"]
[White "Deepan Chakravarthy, Jeyakumar"]
[Black "Kozlov, Roman"]
[Result "1-0"]
[WhiteElo "2501"]
[BlackElo "2337"]
[EventDate "2006.10.02"]
[PlyCount "147"]

1.e4 e5 2.Nf3 Nc6 3.Bb5 a6 4.Ba4 Nf6 5.O-O b5 6.Bb3 Bc5 7.c3 d6 8.a4 Bg4 
9.h3 Bh5 10.d3 O-O 11.Be3 Rb8 12.axb5 axb5 13.Nbd2 Bb6 14.g4 Bg6 15.Qe2 
Re8 16.Kg2 d5 17.Bg5 d4 18.c4 Qd7 19.Bxf6 gxf6 20.Rfc1 Qe7 21.Nh4 bxc4 22.
Nxc4 Nd8 23.Kg1 Ne6 24.Ng2 Nc5 25.Nd2 Qd7 26.Bc4 Ra8 27.Nf1 Rxa1 28.Rxa1 
Ne6 29.Qd2 Ng5 30.Qe2 Nxh3+ 31.Kh2 Ng5 32.Ng3 Ne6 33.Rg1 Bc5 34.Qf3 Ng5 
35.Qe2 Ne6 36.Nh4 Nf4 37.Qf3 Kh8 38.Ne2 Nxe2 39.Qxe2 Bf8 40.Qf3 Qe7 41.Qh3
Rb8 42.b3 Ra8 43.Kg2 Bg7 44.Rh1 Kg8 45.Nxg6 hxg6 46.Qh7+ Kf8 47.Rh6 Qd7 
48.Rxg6 fxg6 49.Qg8+ Ke7 50.Qxg7+ Kd6 51.Qxf6+ Kc5 52.Qxe5+ Kb4 53.Be6 Qd8
54.Bd5 Kc3 55.Bxa8 Qxa8 56.Qb5 c5 57.Qc4+ Kd2 58.Qd5 Qc8 59.f3 Kxd3 60.e5 
Kc2 61.e6 d3 62.Qd7 Qxd7 63.exd7 d2 64.d8=Q d1=Q 65.Qxd1+ Kxd1 66.f4 Kc2 
67.f5 gxf5 68.g5 Kxb3 69.g6 c4 70.g7 c3 71.g8=Q+ Kb2 72.Qb8+ Kc1 73.Qf4+ 
Kb1 74.Qb4+ 1-0

[Event "45th World U20 ch"]
[Site "Yerevan ARM"]
[Date "2006.10.08"]
[Round "6.17"]
[White "Gupta, Abhijeet"]
[Black "Babuian, Levon"]
[Result "1-0"]
[WhiteElo "2481"]
[BlackElo "2394"]
[EventDate "2006.10.02"]
[PlyCount "59"]

1.d4 Nf6 2.c4 e6 3.Nf3 c5 4.d5 b5 5.dxe6 fxe6 6.cxb5 d5 7.g3 a6 8.bxa6 
Bxa6 9.Bh3 Qb6 10.Qb3 Qxb3 11.axb3 Bd6 12.Bxe6 Kd8 13.O-O Re8 14.Bf5 Rxe2 
15.Nc3 Re7 16.Rd1 d4 17.Ng5 g6 18.Bh3 Raa7 19.Ne6+ Ke8 20.Bg5 Nbd7 21.Nb5 
Bxb5 22.Rxa7 Kf7 23.Re1 d3 24.Ra5 Ne5 25.Rxb5 Nf3+ 26.Kf1 d2 27.Rd1 Rxe6 
28.Bxe6+ Kxe6 29.Bxf6 Kxf6 30.Rb6 1-0

[Event "45th World U20 ch"]
[Site "Yerevan ARM"]
[Date "2006.10.08"]
[Round "6.19"]
[White "Baramidze, David"]
[Black "Alavi Moghaddam, Sayed Javad"]
[Result "1/2-1/2"]
[WhiteElo "2585"]
[BlackElo "2368"]
[EventDate "2006.10.02"]
[PlyCount "60"]

1.e4 c6 2.d4 d5 3.Nd2 dxe4 4.Nxe4 Bf5 5.Ng3 Bg6 6.h4 h6 7.Nf3 Nd7 8.h5 Bh7
9.Bd3 Bxd3 10.Qxd3 e6 11.Bf4 Bb4+ 12.c3 Be7 13.O-O-O Ngf6 14.Kb1 O-O 15.
Ne5 Nxe5 16.Bxe5 Ng4 17.Qe2 Nxe5 18.dxe5 Qc7 19.f4 Rad8 20.Ne4 Rxd1+ 21.
Rxd1 Rd8 22.g4 Rxd1+ 23.Qxd1 Qa5 24.Nd6 Qc5 25.Nxb7 Qf2 26.Qd7 Qe1+ 27.Kc2
Qe2+ 28.Kc1 Qf1+ 29.Kc2 Qe2+ 30.Kc1 Qf1+ 1/2-1/2

[Event "45th World U20 ch"]
[Site "Yerevan ARM"]
[Date "2006.10.08"]
[Round "6.20"]
[White "Geller, Jakov"]
[Black "Gorovets, Andrei"]
[Result "1/2-1/2"]
[WhiteElo "2501"]
[BlackElo "2368"]
[EventDate "2006.10.02"]
[PlyCount "84"]

1.e4 Nf6 2.e5 Nd5 3.d4 d6 4.Nf3 Bg4 5.Be2 Nc6 6.exd6 exd6 7.O-O Be7 8.c4 
Nb6 9.b3 O-O 10.Nc3 Bf6 11.Be3 d5 12.c5 Nc8 13.h3 Be6 14.Bb5 N8e7 15.Bg5 
Bxg5 16.Nxg5 a6 17.Bxc6 Nxc6 18.Nf3 f6 19.Re1 Qd7 20.Qd2 Rae8 21.Re3 Bf7 
22.Rae1 Rxe3 23.Rxe3 Re8 24.Rxe8+ Qxe8 25.Qf4 Qe7 26.Kh2 g5 27.Qd2 h6 28.
Ne1 f5 29.f4 gxf4 30.Ne2 Qe4 31.Nc2 f3 32.Nc3 Qh4 33.g3 Qg5 34.Qf4 Ne7 35.
h4 Qxf4 36.gxf4 Bh5 37.Kg3 Bg4 38.Ne3 c6 39.Nb1 h5 40.Nd2 Kf7 41.Nxf3 Bxf3
42.Kxf3 Kf6 1/2-1/2

[Event "45th World U20 ch"]
[Site "Yerevan ARM"]
[Date "2006.10.08"]
[Round "6.23"]
[White "Tonoian, Armen"]
[Black "Wang Li"]
[Result "0-1"]
[WhiteElo "2400"]
[BlackElo "2226"]
[EventDate "2006.10.02"]
[PlyCount "66"]

1.d4 d5 2.c4 c6 3.Nc3 e6 4.Nf3 dxc4 5.a4 Bb4 6.e3 b5 7.Bd2 a5 8.axb5 Bxc3 
9.Bxc3 cxb5 10.b3 Bb7 11.bxc4 b4 12.Bb2 Nf6 13.Bd3 Nbd7 14.O-O O-O 15.Nd2 
Qc7 16.f4 a4 17.Kh1 Rfd8 18.Qe2 Nf8 19.Qf2 N6d7 20.e4 f6 21.Qg3 a3 22.Bc1 
Nb6 23.d5 Ba6 24.Bxa3 bxa3 25.Rxa3 Nbd7 26.Rfa1 Nc5 27.Bf1 Bb7 28.Qe3 Rxa3
29.Rxa3 Nfd7 30.g3 f5 31.Bg2 fxe4 32.Nxe4 Nxe4 33.Bxe4 Qxc4 0-1

[Event "45th World U20 ch"]
[Site "Yerevan ARM"]
[Date "2006.10.08"]
[Round "6.24"]
[White "Nasri, Amin"]
[Black "Shoker, Samy"]
[Result "1-0"]
[WhiteElo "2227"]
[BlackElo "2398"]
[EventDate "2006.10.02"]
[PlyCount "79"]

1.d4 g6 2.c4 Bg7 3.Nc3 d6 4.e4 Nd7 5.Be2 e5 6.d5 Ne7 7.h4 f5 8.exf5 gxf5 
9.h5 h6 10.f4 O-O 11.Be3 a5 12.Qd2 Kh7 13.Nh3 Ng8 14.Nf2 Ngf6 15.O-O-O 
exf4 16.Bxf4 Nc5 17.Qc2 Nfe4 18.Ncxe4 fxe4 19.Be3 Kg8 20.g4 a4 21.Rhg1 a3 
22.b3 Qf6 23.g5 hxg5 24.Rxg5 Kh7 25.h6 Qb2+ 26.Qxb2 Bxb2+ 27.Kc2 Bf5 28.
Rdg1 Rae8 29.Bh5 Re5 30.Nd1 Nd3 31.Rf1 Rg8 32.Rgxf5 Rxf5 33.Rxf5 Rg2+ 34.
Nf2 Nb4+ 35.Kb1 Be5 36.Rg5 Rh2 37.Bg6+ Kh8 38.Bxe4 Bf4 39.Bd4+ Be5 40.h7 
1-0

[Event "45th World U20 ch"]
[Site "Yerevan ARM"]
[Date "2006.10.08"]
[Round "6.25"]
[White "Gomez, John Paul"]
[Black "Sangma, Rahul"]
[Result "1-0"]
[WhiteElo "2387"]
[BlackElo "2301"]
[EventDate "2006.10.02"]
[PlyCount "53"]

1.d4 d5 2.c4 c6 3.Nc3 Nf6 4.e3 a6 5.a4 Bg4 6.Qb3 Ra7 7.a5 e6 8.Qb6 Qxb6 9.
axb6 Ra8 10.c5 e5 11.b4 exd4 12.exd4 Ne4 13.Nb1 Nf6 14.f3 Bf5 15.Nd2 Nbd7 
16.Nb3 Bc2 17.Na5 Nxb6 18.cxb6 Bxb4+ 19.Bd2 Bxa5 20.Bxa5 O-O 21.Kd2 Bf5 
22.Bd3 Bxd3 23.Kxd3 Nd7 24.Ne2 c5 25.Nf4 cxd4 26.Kxd4 Rac8 27.Rhc1 1-0

[Event "45th World U20 ch"]
[Site "Yerevan ARM"]
[Date "2006.10.08"]
[Round "6.26"]
[White "Behmardi, Kalantari Rustam"]
[Black "Esen, Baris"]
[Result "1/2-1/2"]
[WhiteElo "2210"]
[BlackElo "2464"]
[EventDate "2006.10.02"]
[PlyCount "104"]

1.e4 c5 2.Nf3 d6 3.d4 cxd4 4.Nxd4 Nf6 5.f3 e5 6.Nb3 d5 7.Bg5 Be6 8.Bxf6 
gxf6 9.exd5 Bxd5 10.Nc3 Be6 11.Ne4 Be7 12.Qxd8+ Kxd8 13.Nec5 Bc8 14.Bc4 
Rf8 15.a4 Nd7 16.Ne4 f5 17.Ng3 Nf6 18.Bd3 f4 19.Nf5 Rg8 20.O-O-O Bxf5 21.
Bxf5+ Kc7 22.Rd2 b6 23.Re1 Rg5 24.Bh3 Rd8 25.Rxd8 Bxd8 26.Nd2 Be7 27.Rd1 
Bc5 28.Ne4 Nxe4 29.fxe4 Bd6 30.Rd2 Rh5 31.Rd3 Rh6 32.Kd2 f5 33.Bxf5 Rxh2 
34.Bh3 a5 35.Ke2 Rh1 36.Bg4 h5 37.Be6 Rb1 38.b3 Rc1 39.Rd1 Rxc2+ 40.Rd2 
Rc1 41.Rd1 Rc5 42.Bc4 h4 43.Rd5 Rc6 44.Kf3 Bc5 45.Rxe5 Rg6 46.Re6 Rg3+ 47.
Kxf4 Rxg2 48.Rh6 Be7 49.Rh7 Kd8 50.e5 Rg3 51.Kf5 Rg5+ 52.Ke6 Bb4 1/2-1/2

[Event "45th World U20 ch"]
[Site "Yerevan ARM"]
[Date "2006.10.08"]
[Round "6.27"]
[White "Zarkua, Davit"]
[Black "Hambardzumian, Yuri"]
[Result "1/2-1/2"]
[WhiteElo "2411"]
[BlackElo "2305"]
[EventDate "2006.10.02"]
[PlyCount "105"]

1.Nf3 c5 2.c4 Nc6 3.Nc3 g6 4.e3 Bg7 5.d4 cxd4 6.exd4 d6 7.Be2 Nh6 8.d5 Ne5
9.Nxe5 dxe5 10.g4 O-O 11.h4 f5 12.h5 Nxg4 13.hxg6 hxg6 14.Bxg4 fxg4 15.Qe2
Bf5 16.Bh6 Rc8 17.Bxg7 Kxg7 18.Qxe5+ Rf6 19.b3 a6 20.O-O-O b5 21.d6 exd6 
22.Qd4 bxc4 23.b4 Qg8 24.Nd5 Rf8 25.Rde1 Be6 26.Nxf6 Rxf6 27.Qxd6 Qf7 28.
Qd4 c3 29.Re3 Bxa2 30.Rxc3 Bd5 31.Rd1 Bf3 32.Re1 Kh6 33.Qe5 Rf5 34.Qh8+ 
Kg5 35.Qd8+ Kh6 36.Qd2+ Kh5 37.Qd4 Qa2 38.Rc5 Qa3+ 39.Kd2 Qa2+ 40.Kc1 Qa3+
41.Kc2 Qa2+ 42.Qb2 Qa4+ 43.Qb3 Rxc5+ 44.bxc5 Qd4 45.Qe3 Qa4+ 46.Kc3 Qa3+ 
47.Kd4 Qb4+ 48.Ke5 Qb8+ 49.Kf6 Qf8+ 50.Ke6 Qe8+ 51.Kd6 Qd8+ 52.Ke5 Qh8+ 
53.Kd6 1/2-1/2